Normal view MARC view

Entry Topical Term

Number of records used in: 1

001 - CONTROL NUMBER

  • control field: 25887

003 - CONTROL NUMBER IDENTIFIER

  • control field: OSt

005 - DATE AND TIME OF LATEST TRANSACTION

  • control field: 20210727165339.0

008 - FIXED-LENGTH DATA ELEMENTS

  • fixed length control field: 210727|| aca||aabn | a|a d

040 ## - CATALOGING SOURCE

  • Original cataloging agency: OSt
  • Transcribing agency: OSt

150 ## - HEADING--TOPICAL TERM

  • Topical term or geographic name entry element: Crisis management, Institutional infrastructure, Policy instrument, Culture, Social equity, COVID-19

670 ## - SOURCE DATA FOUND

  • Source citation: Work cat.: (OSt): An, Brian Y. Tang, Shui Yan 25886, Lessons from Covid-19 responses in east Asia: Institutional infrastructure and enduring policy instruments

Powered by Koha